SICALWIN : manual d'usuari manual d'usuari
Publicado:
Barcelona :
Diputació de Barcelona. Àrea de Coordinació i Govern Local. Intervenció General. Direcció de Serveis Econòmics. Servei d'Assistència a la Gestió Econòmica Local ,
2008
Descripción Física:
2 v. ; 30 cm
MARC
| LEADER | 00000nam a2200000Ia 4500 | ||
|---|---|---|---|
| 001 | 21014, 21015 | ||
| 008 | 160829s2008 xx 000 0 cat d | ||
| 080 | |a C-3-136, C-3-137 | ||
| 245 | |a SICALWIN : |b manual d'usuari | ||
| 260 | |a Barcelona : |b Diputació de Barcelona. Àrea de Coordinació i Govern Local. Intervenció General. Direcció de Serveis Econòmics. Servei d'Assistència a la Gestió Econòmica Local, |c 2008 | ||
| 300 | |a 2 v. ; |c 30 cm | ||
| 650 | 0 | |a Sicalwin |x Programari |x Manuals, guies, etc. |9 42071 | |
| 650 | |a Barcelona. Diputació |x Programari |x Manuals, guies, etc. |9 43145 | ||
| 650 | |a Programari |x Comptabilitat |x Manuals, guies, etc. |9 43144 | ||
| 710 | 1 | |a Barcelona (Catalunya : Província). |b Servei d’Assistència a la Gestió Econòmica Local |9 53081 | |
| 901 | |a Arxiu | ||
| 942 | |n 1 | ||
| 952 | |0 0 |1 0 |4 0 |6 C3136_C3137 |7 1 |9 50648 |a Arxiu |b Arxiu |d 2016-12-01 |l 0 |o C-3-136, C-3-137 |p 21014, 21015 |r 2016-12-01 00:00:00 |w 2016-12-01 |y ARXIU | ||
| 999 | |c 54490 |d 54490 | ||